[Event "Pan American-ch Hybrid U16 31st"]
[Site "Tornelo INT"]
[Date "2021.09.04"]
[Round "4"]
[White "Vasquez Vargas, Henry Richard"]
[Black "Buganca, Luiz Henrique Da Si"]
[Result "0-1"]
[WhiteElo "1998"]
[BlackElo "1853"]
[PlyCount "160"]
[EventDate "2021.09.04"]
[EventType "swiss"]
[EventRounds "9"]
[EventCountry "NET"]
[SourceTitle "EXT 2023"]
[Source "ChessBase"]
[SourceDate "2022.10.05"]
[SourceVersion "1"]
[SourceVersionDate "2022.10.05"]
[SourceQuality "1"]

1. d4 d6 2. c4 e5 3. Nf3 e4 4. Nfd2 f5 5. Nc3 Be7 6. e3 Nf6 7. f3 0-0 8. Be2 Qe8 9. Qc2 Qg6 10. 0-0 Nc6 11. a3 Qh6 12. Nb3 Qg6 13. f4 Ng4 14. Bxg4 Qxg4 15. Qe2 Qxe2 16. Nxe2 a5 17. d5 Nb8 18. Bd2 a4 19. Nbd4 Bf6 20. Bc3 Bd7 21. Nc2 Na6 22. Bxf6 Rxf6 23. Nb4 Rff8 24. Nxa6 Rxa6 25. Rac1 Ra5 26. Kf2 Kf7 27. Ke1 c5 28. dxc6 bxc6 29. Kd2 Rb8 30. Rc2 Rb3 31. Nc1 Rb7 32. Na2 Be6 33. Rfc1 c5 34. Rd1 d5 35. Kc1 dxc4 36. Nc3 Raa7 37. Rcd2 Rb3 38. Rd6 Rab7 39. R1d2 Rxc3+ 40. bxc3 Rb3 41. Kc2 Rxa3 42. Rb6 Ra2+ 43. Rb2 Ra1 44. Rd1 Ra3 45. Rd6 Ke7 46. Rc6 Kd7 47. Rxc5 Ra1 48. Ra5 a3 49. Rb7+ Kc6 50. Rxg7 a2 51. Kb2 Re1 52. Kxa2 Re2+ 53. Ka3 Rxe3 54. Kb4 Re1 55. Re5 Bd5 56. Rxh7 Rb1+ 57. Ka3 Rb3+ 58. Ka2 Rxc3 59. Rh6+ Kc5 60. Rh5 Rc2+ 61. Kb1 Rxg2 62. Rhxf5 Rd2 63. Kc1 Rd3 64. h4 c3 65. h5 e3 66. h6 Kc4 67. h7 e2 68. Rxe2 Rh3 69. Ree5 Rh1+ 70. Kc2 Rh2+ 71. Kb1 Kb3 72. Rh5 Rf2 73. Re1 Be4+ 74. Kc1 Rc2+ 75. Kd1 Bf3+ 76. Re2 Rxe2 77. Rb5+ Kc4 78. Kc1 Re1+ 79. Kc2 Bd1+ 80. Kc1 Bb3# 0-1

[Event "Santa Catarina State-ch 65th"]
[Site "Rio Negrinho"]
[Date "2021.07.25"]
[Round "6"]
[White "Theiss, Nicolas Eduardo"]
[Black "Buganca, Luiz Henrique Da Si"]
[Result "0-1"]
[WhiteElo "1623"]
[BlackElo "1876"]
[PlyCount "92"]
[EventDate "2021.07.22"]
[EventType "swiss"]
[EventRounds "7"]
[EventCountry "BRA"]
[SourceTitle "EXT 2022"]
[Source "ChessBase"]
[SourceDate "2021.10.06"]
[SourceVersion "1"]
[SourceVersionDate "2021.10.06"]
[SourceQuality "1"]

1. e4 c6 2. d3 d5 3. Nd2 Nd7 4. g3 e5 5. Bg2 Ngf6 6. Ngf3 Bd6 7. 0-0 0-0 8. Re1 Re8 9. c3 Qc7 10. h4 Nc5 11. Qc2 dxe4 12. dxe4 b6 13. Nc4 Ba6 14. Bf1 Bxc4 15. Bxc4 b5 16. Bf1 Ne6 17. Bg5 Nd7 18. Rad1 f6 19. Qd2 fxg5 20. Qxd6 Qxd6 21. Rxd6 g4 22. Ng5 Nxg5 23. hxg5 Nf8 24. Rxc6 Ne6 25. Bxb5 Nxg5 26. Kg2 Rf8 27. Rc5 Rab8 28. Re2 Nf3 29. Bc4+ Kh8 30. Ra5 Rf6 31. Bb3 Rh6 32. Re3 Rh2+ 33. Kf1 Rf8 34. Rd5 Ng5 35. Rd2 Nh3 36. Ree2 Rh1+ 37. Kg2 Rg1+ 38. Kh2 Rf1 39. Be6 h5 40. Bf5 Ra1 41. Re3 Ng5 42. Rc2 Rd8 43. f4 gxf3 44. g4 Nh3 45. Rf2 Rdd1 46. Rfxf3 Rd2+ 0-1

[Event "Santa Catarina State-ch 65th"]
[Site "Rio Negrinho"]
[Date "2021.07.24"]
[Round "5"]
[White "Buganca, Luiz Henrique Da Si"]
[Black "Esteche, Caina Rinaldi"]
[Result "0-1"]
[WhiteElo "1876"]
[BlackElo "1604"]
[PlyCount "44"]
[EventDate "2021.07.22"]
[EventType "swiss"]
[EventRounds "7"]
[EventCountry "BRA"]
[SourceTitle "EXT 2022"]
[Source "ChessBase"]
[SourceDate "2021.10.06"]
[SourceVersion "1"]
[SourceVersionDate "2021.10.06"]
[SourceQuality "1"]

1. d4 Nf6 2. c4 c5 3. Nf3 cxd4 4. Nxd4 e5 5. Nb5 d5 6. cxd5 Bc5 7. e3 0-0 8. N5c3 Bf5 9. Bd3 e4 10. Be2 Nbd7 11. Qc2 Rc8 12. Nd2 Qe7 13. Nc4 Ne5 14. Qb3 Nxc4 15. Bxc4 Ng4 16. Be2 Ne5 17. Bd2 Rfd8 18. 0-0-0 Bg4 19. Kb1 Bxe2 20. Nxe2 Nd3 21. Rhf1 Rd6 22. f3 Rb6 0-1

[Event "Santa Catarina State-ch 65th"]
[Site "Rio Negrinho"]
[Date "2021.07.24"]
[Round "4"]
[White "Pavao, Fabio Biasi"]
[Black "Buganca, Luiz Henrique Da Si"]
[Result "1/2-1/2"]
[WhiteElo "1757"]
[BlackElo "1876"]
[PlyCount "56"]
[EventDate "2021.07.22"]
[EventType "swiss"]
[EventRounds "7"]
[EventCountry "BRA"]
[SourceTitle "EXT 2022"]
[Source "ChessBase"]
[SourceDate "2021.10.06"]
[SourceVersion "1"]
[SourceVersionDate "2021.10.06"]
[SourceQuality "1"]

1. Nf3 Nf6 2. g3 c5 3. Bg2 Nc6 4. d3 e6 5. 0-0 Be7 6. c4 0-0 7. Nc3 b6 8. Bf4 Bb7 9. d4 d5 10. cxd5 Nxd5 11. Nxd5 exd5 12. Rc1 c4 13. Re1 Bf6 14. Qd2 Re8 15. Bg5 Nxd4 16. Nxd4 Bxg5 17. e3 Qd7 18. Ne2 Rad8 19. Rcd1 Qe7 20. Nf4 Qc7 21. h4 Bxf4 22. exf4 Rxe1+ 23. Rxe1 g6 24. Qd4 Qc5 25. Qf6 Qd6 26. Qd4 Qc5 27. Qf6 Qd6 28. Qd4 Qc5 1/2-1/2

[Event "Santa Catarina State-ch 65th"]
[Site "Rio Negrinho"]
[Date "2021.07.22"]
[Round "1"]
[White "Buganca, Luiz Henrique Da Si"]
[Black "Dos Santos, Welligton Carlos"]
[Result "1-0"]
[WhiteElo "1876"]
[BlackElo "1270"]
[PlyCount "63"]
[EventDate "2021.07.22"]
[EventType "swiss"]
[EventRounds "7"]
[EventCountry "BRA"]
[SourceTitle "EXT 2022"]
[Source "ChessBase"]
[SourceDate "2021.10.06"]
[SourceVersion "1"]
[SourceVersionDate "2021.10.06"]
[SourceQuality "1"]

1. d4 d5 2. c4 c6 3. Nc3 e6 4. Nf3 Nf6 5. Bg5 Bb4 6. e3 Nbd7 7. cxd5 exd5 8. Bd3 h6 9. Bh4 Nb6 10. Ne5 Qd6 11. 0-0 0-0 12. Ne2 Nbd7 13. Bg3 Qe7 14. Rc1 Nxe5 15. Bxe5 Bg4 16. f3 Bh5 17. Nf4 Qe8 18. a3 Be7 19. Bxf6 Bxf6 20. Nxh5 Qxe3+ 21. Kh1 Bxd4 22. Rc2 Qe6 23. f4 Qd6 24. Qg4 Rae8 25. f5 Bf6 26. Nxg7 Kh8 27. Nxe8 Rxe8 28. Re2 Rg8 29. Qh5 Bg5 30. Qxf7 Rf8 31. Re8 Rxe8 32. Qxe8+ 1-0

[Event "BRA-ch U16"]
[Site "Florianopolis"]
[Date "2021.07.02"]
[Round "3"]
[White "Buganca, Luiz Henrique Da Si"]
[Black "Da Rosa, Henrique Jaze Simoe"]
[Result "1/2-1/2"]
[WhiteElo "1876"]
[BlackElo "1757"]
[PlyCount "43"]
[EventDate "2021.07.01"]
[EventType "swiss"]
[EventRounds "6"]
[EventCountry "BRA"]
[SourceTitle "CBM 203 Extra"]
[Source "ChessBase"]
[SourceDate "2021.09.30"]
[SourceVersion "1"]
[SourceVersionDate "2021.09.30"]
[SourceQuality "1"]

1. d4 d5 2. Nf3 Nf6 3. g3 Bf5 4. Bg2 e6 5. 0-0 Be7 6. c4 c6 7. Nc3 h6 8. Qb3 Qb6 9. c5 Qxb3 10. axb3 0-0 11. b4 Na6 12. b5 Nb4 13. Ra4 a5 14. b6 Nd7 15. Bd2 Bxc5 16. dxc5 Nxc5 17. Ra3 Nc2 18. Ra2 Nb4 19. Ra3 Nc2 20. Ra2 Nb4 21. Raa1 Nc2 22. Ra2 1/2-1/2

[Event "BRA-ch U16"]
[Site "Florianopolis"]
[Date "2021.07.02"]
[Round "2"]
[White "Moreira, Nickolas Misturini"]
[Black "Buganca, Luiz Henrique Da Si"]
[Result "0-1"]
[WhiteElo "1800"]
[BlackElo "1876"]
[PlyCount "50"]
[EventDate "2021.07.01"]
[EventType "swiss"]
[EventRounds "6"]
[EventCountry "BRA"]
[SourceTitle "CBM 203 Extra"]
[Source "ChessBase"]
[SourceDate "2021.09.30"]
[SourceVersion "1"]
[SourceVersionDate "2021.09.30"]
[SourceQuality "1"]

1. d4 Nf6 2. Bg5 c6 3. Bxf6 exf6 4. e4 d5 5. exd5 cxd5 6. c3 Bd6 7. Bd3 0-0 8. Nd2 Re8+ 9. Ne2 Qc7 10. Qc2 g6 11. 0-0-0 Nc6 12. h4 Bf5 13. Bxf5 Rxe2 14. Bd3 Rxf2 15. h5 Bf4 16. g3 Rxd2 17. Rxd2 Bxd2+ 18. Qxd2 Qxg3 19. hxg6 fxg6 20. Kc2 Rc8 21. Qh6 Rc7 22. Rf1 Nb4+ 23. Kb3 Qxd3 24. Rxf6 Qc4+ 25. Ka3 Nc2# 0-1

[Event "Titled Tuesday intern op 18th Aug"]
[Site "Chess.com INT"]
[Date "2020.08.18"]
[Round "5"]
[White "Arias, Juan Cruz"]
[Black "Buganca, Luiz Henrique Da Si"]
[Result "1-0"]
[WhiteElo "2277"]
[BlackElo "1876"]
[PlyCount "61"]
[EventDate "2020.08.18"]
[EventType "swiss (blitz)"]
[EventRounds "10"]
[EventCountry "USA"]
[SourceTitle "CBM 197 Extra"]
[Source "ChessBase"]
[SourceDate "2020.09.30"]
[SourceVersion "1"]
[SourceVersionDate "2020.09.30"]
[SourceQuality "1"]

1. e4 c6 2. d4 d5 3. exd5 cxd5 4. Bf4 Nc6 5. c3 Nf6 6. Bd3 Bg4 7. Qb3 Qb6 8. Nd2 e6 9. Ngf3 Be7 10. 0-0 0-0 11. Qxb6 axb6 12. a3 Bh5 13. Rfe1 Bg6 14. Bxg6 hxg6 15. h3 b5 16. Nb3 Na5 17. Nxa5 Rxa5 18. Nd2 Rc8 19. Nb3 Raa8 20. Bg5 Bf8 21. Kf1 Ne4 22. Bf4 g5 23. Be5 f6 24. Bh2 Bd6 25. Bxd6 Nxd6 26. Rxe6 Nc4 27. Re2 b6 28. Rae1 Nd6 29. Nc1 Ne4 30. Nd3 Kf7 31. Nb4 1-0

[Event "Titled Tuesday intern op 18th Aug"]
[Site "Chess.com INT"]
[Date "2020.08.18"]
[Round "6"]
[White "Sahil, Tickoo"]
[Black "Buganca, Luiz Henrique Da Si"]
[Result "1-0"]
[WhiteElo "2245"]
[BlackElo "1876"]
[PlyCount "134"]
[EventDate "2020.08.18"]
[EventType "swiss (blitz)"]
[EventRounds "10"]
[EventCountry "USA"]
[SourceTitle "CBM 197 Extra"]
[Source "ChessBase"]
[SourceDate "2020.09.30"]
[SourceVersion "1"]
[SourceVersionDate "2020.09.30"]
[SourceQuality "1"]

1. d4 Nf6 2. c4 e6 3. Nc3 Bb4 4. Qc2 0-0 5. a3 Bxc3+ 6. Qxc3 c5 7. dxc5 a5 8. Bg5 Ne4 9. Bxd8 Nxc3 10. Be7 Re8 11. Bd6 Ne4 12. Nf3 Na6 13. b4 b6 14. Be5 bxc5 15. b5 Nb8 16. e3 d6 17. Bb2 Nd7 18. Bd3 f5 19. a4 Nb6 20. Nd2 Nxd2 21. Kxd2 d5 22. cxd5 exd5 23. Rhc1 c4 24. Be2 Bd7 25. Bd4 Nxa4 26. Rxa4 Bxb5 27. Ra3 Reb8 28. Rca1 a4 29. Bc3 Bc6 30. Bf3 Rb5 31. Bd1 Rb6 32. Bd4 Rba6 33. Bc2 g6 34. h4 Kf7 35. h5 Be8 36. hxg6+ hxg6 37. Rh1 Ke6 38. Rh7 Bf7 39. Bd1 Rb8 40. Rxa4 Rxa4 41. Bxa4 Rb1 42. Bd1 g5 43. Rh6+ Ke7 44. Ra6 f4 45. exf4 gxf4 46. Bf6+ Ke8 47. Ba4+ Kf8 48. Ra8+ Be8 49. Rxe8+ Kf7 50. Bc3 d4 51. Bxd4 c3+ 52. Bxc3 Rf1 53. Re2 f3 54. gxf3 Rh1 55. Bb3+ Kg6 56. Bd4 Rh3 57. Bc2+ Kf7 58. Be3 Rxf3 59. Bd3 Rf6 60. Re1 Rd6 61. Rc1 Kg7 62. Rc4 Rd8 63. f4 Ra8 64. f5 Kf6 65. Bd4+ Kg5 66. f6 Ra2+ 67. Bc2 Ra8 1-0

[Event "Titled Tuesday intern op 11th Aug"]
[Site "Chess.com INT"]
[Date "2020.08.11"]
[Round "8"]
[White "Buganca, Luiz Henrique Da Si"]
[Black "Papayan, Oleg"]
[Result "0-1"]
[WhiteElo "1876"]
[BlackElo "2246"]
[PlyCount "94"]
[EventDate "2020.08.11"]
[EventType "swiss (blitz)"]
[EventRounds "10"]
[EventCountry "USA"]
[SourceTitle "CBM 197 Extra"]
[Source "ChessBase"]
[SourceDate "2020.09.30"]
[SourceVersion "1"]
[SourceVersionDate "2020.09.30"]
[SourceQuality "1"]

1. e4 c5 2. Nf3 d6 3. d4 cxd4 4. Nxd4 Nf6 5. Nc3 a6 6. Be2 e5 7. Nb3 Be6 8. 0-0 Be7 9. Be3 0-0 10. Nd5 Nxd5 11. exd5 Bf5 12. c4 Nd7 13. Rc1 Rc8 14. Qd2 Bg6 15. Na5 Qc7 16. b4 f5 17. f4 Nf6 18. fxe5 Ne4 19. Qb2 dxe5 20. c5 Bf6 21. d6 Qd7 22. Bc4+ Kh8 23. Bd5 f4 24. Bf2 b6 25. Bxe4 Bxe4 26. Nb3 Qg4 27. Be1 f3 28. g3 Bg5 29. Rc2 Bxc2 30. Qxc2 e4 31. Nd4 e3 32. Qd3 bxc5 33. bxc5 Rxc5 34. Nxf3 Rxf3 35. Rxf3 Qxf3 36. d7 Rd5 37. d8Q+ Bxd8 38. Qa3 Rd7 39. h4 Rf7 40. Qa4 Qf1+ 41. Kh2 Rf8 42. Qb4 Qf7 43. Bc3 Qe7 44. Qc4 e2 45. Be1 h6 46. Bb4 Qf7 47. Qc3 Re8 0-1